Az összeesküvés a „Honvéd" szerkesztőbizottsága nevében /

Elmentve itt :
Bibliográfiai részletek
Szerzők: Sólyom László
Kuthy László
Platthy Pál
Dokumentumtípus: Cikk
Megjelent: 1947
Sorozat:Honvéd : katonai folyóirat 2 No. 1
Kulcsszavak:Hadsereg magyar tisztogatás 1947, Összeesküvés katonai 1946
Online Access:http://misc.bibl.u-szeged.hu/3296
LEADER 00713nab a2200193 i 4500
001 misc3296
005 20191106141831.0
008 170607s1947 hu o 0|| hun d
040 |a SZTE Miscellanea Repozitórium  |b hun 
041 |a hun 
100 1 |a Sólyom László 
245 1 3 |a Az összeesküvés   |h [elektronikus dokumentum] :  |b a „Honvéd" szerkesztőbizottsága nevében /  |c  Sólyom László 
260 |c 1947 
300 |a 1-2 
490 0 |a Honvéd : katonai folyóirat  |v 2 No. 1 
695 |a Hadsereg magyar tisztogatás 1947, Összeesküvés katonai 1946 
700 0 1 |a Kuthy László  |e aut 
700 0 1 |a Platthy Pál  |e aut 
856 4 0 |u http://misc.bibl.u-szeged.hu/3296/1/honved_002_001_001-002.pdf  |z Dokumentum-elérés